书目信息 |
| 题名: |
聚氯乙烯和氯化聚乙烯加工与应用
|
|
| 作者: | 许建雄 编著 | |
| 分册: | ||
| 出版信息: | 北京 化学工业出版社 2016.1 |
|
| 页数: | 325页 | |
| 开本: | 26cm | |
| 丛书名: | ||
| 单 册: | ||
| 中图分类: | TQ325.3 , TQ325.1 | |
| 科图分类: | ||
| 主题词: | 聚氯乙烯--化工生产 , 氯化聚乙烯--化工生产 | |
| 电子资源: | ||
| ISBN: | 978-7-122-24613-4 | |
| 000 | 01000nam0 2200253 450 | |
| 001 | 0400003058 | |
| 005 | 20171021181222.0 | |
| 010 | @a978-7-122-24613-4@dCNY98.00 | |
| 100 | @a20150920d2016 em y0chiy50 ea | |
| 101 | 0 | @achi |
| 102 | @aCN@b110000 | |
| 105 | @aa z 000yy | |
| 106 | @ar | |
| 200 | 1 | @a聚氯乙烯和氯化聚乙烯加工与应用@9ju lv yi xi he lv hua ju yi xi jia gong yu ying yong@f许建雄编著 |
| 210 | @a北京@c化学工业出版社@d2016.1 | |
| 215 | @a325页@c图@d26cm | |
| 330 | @a本书前半部分在对聚氯乙烯的制造方法、结构与性能等基础知识进行介绍的基础上,论述了其在塑料门窗、塑料管材和管件、塑料板材和片材、塑料电线电缆、建筑用塑料制品以及其它塑料制品上的应用;后半部分主要介绍氯化聚乙烯,包括配合体系、加工方法等及其在涂料、磁条、聚合物共混等领域的应用。 | |
| 606 | 0 | @a聚氯乙烯@x化工生产 |
| 606 | 0 | @a氯化聚乙烯@x化工生产 |
| 690 | @aTQ325.3@v5 | |
| 690 | @aTQ325.1@v5 | |
| 701 | 0 | @a许建雄@9xu jian xiong@4编著 |
| 801 | 0 | @aCN@b91MARC@c20171021 |
| 905 | @b1033251-5@dTQ325.3@f5@e76 | |
| 聚氯乙烯和氯化聚乙烯加工与应用/许建雄编著.-北京:化学工业出版社,2016.1 |
| 325页:图;26cm |
| ISBN 978-7-122-24613-4:CNY98.00 |
| 本书前半部分在对聚氯乙烯的制造方法、结构与性能等基础知识进行介绍的基础上,论述了其在塑料门窗、塑料管材和管件、塑料板材和片材、塑料电线电缆、建筑用塑料制品以及其它塑料制品上的应用;后半部分主要介绍氯化聚乙烯,包括配合体系、加工方法等及其在涂料、磁条、聚合物共混等领域的应用。 |
| ● |
| 相关链接 |
|
|
|
|
正题名:聚氯乙烯和氯化聚乙烯加工与应用
索取号:TQ325.3/76
 
预约/预借
| 序号 | 登录号 | 条形码 | 馆藏地/架位号 | 状态 | 备注 |
| 1 | 1033251 | 210332512 | 第二样本阅览室/ [索取号:TQ325.3/76] | 在馆 | |
| 2 | 1033252 | 210332521 | 化学系资料室/ [索取号:TQ325.3/76] | 在馆 | |
| 3 | 1033253 | 210332530 | 第三借阅区/ [索取号:TQ325.3/76] | 在馆 | |
| 4 | 1033254 | 210332549 | 第三借阅区/ [索取号:TQ325.3/76] | 在馆 | |
| 5 | 1033255 | 210332558 | 第三借阅区/ [索取号:TQ325.3/76] | 在馆 |